000 00894nam a22002177a 4500
003 OSt
005 20250219135259.0
008 231115b ||||| |||| 00| 0 eng d
040 _c0
082 _aDPer 370.763 So131 January-December 2022 v.113 n. 1-6
100 _aCopur, Ahmet.
_eauthor.
_949974
245 _aThe impact of professional learning communities on Social Studies teachers' professional development and student academic achievement /
_cAhmet Copur annd Muammer Demirel.
260 _aPhiladelphia ;
_bTaylor & Francis Group,
_cNovember-December 2022.
300 _avolume 113, pages 300-318,
_billustration.
500 _aThe Social Studies, v. 113, no. 6, pages 300-318, November-December 2022.
650 _aEducation.
_949975
650 _aTeachers.
_949976
700 _aCopur, Ahmet.
_eauthor.
_949974
700 _aDemirel, Muammer.
_eauthor.
_949977
942 _2ddc
_cPER
999 _c18422
_d18422